000 00630nam a2200217Ia 4500
005 20250508152104.0
008 008 250505s9999 xx 000 0 eng d
037 _aTextual
040 _aFEDL
_beng
_cFEDL
041 _aeng
_2eng
084 _a372, HIC
_qFEDL
100 _aHicks William V
_9760730
245 0 _aElementary school principal at work
260 _aEnglewood Cliffs
_bPrentice-Hall
_c1957
300 _axv,332p
490 _aPrentice -Hall education series
650 _aElementary Education
700 _a Jameson Marshall C
_9760731
942 _cTEXL
_h372, HIC
999 _c1334174
_d1334174